000 00507nam a22001577a 4500
003 OSt
082 _a631.56
_bFAT/SO
088 _aT 594
100 _aFathima Farsana
_94744
245 _aSoil Erosion and Sediment Yield Assessment of Kunthippuzha Sub-Watershed Using Swat and Rusle
260 _aTavanur
_bDepartment of Irrigation and Drainage Engineering
_c2023
300 _a132
_eC D Included
700 _aAnu Varughese
856 _uhttp://14.139.181.140:8080/jspui/handle/123456789/1828
942 _cTH
999 _c17733
_d17733